00619nam a2200157Ia 4500008004100000100002200041245007200063245007900135260005300214260001800267300000800285650001500293856006100308999001900369952007300388170221s9999 xx 000 0 und d aEvgenij V. Reutov aPractices of Solidarity and Self-organization in Local Communities  cEvgenij V. Reutov, Marina N. Reutova, Janna N. Avilova, Irina V. Shavyrina bInternational Review of Management and Marketing cDecember 2013 a5:2 xMarketing. uhttp://www.econjournals.com/index.php/irmm/issue/view/83 c310312d310312 001040aCLbCLd2017-02-21l0r2017-02-21 00:00:00w2017-02-21yFOJ